| 000 | 00544nam a2200169Ia 4500 | ||
|---|---|---|---|
| 008 | 190805s9999||||xx |||||||||||||| ||und|| | ||
| 020 |
_a9780333526101 _c 64.99 |
||
| 082 | 0 | 4 |
_a510.2462 _bSt892 |
| 100 | 1 | _aStroud, K. A. | |
| 245 | 1 | 0 |
_aFurther Engineering Mathematics : programmes and problems / _cK. A. Stroud |
| 250 | _a2nd ed. | ||
| 260 |
_aHampshire : _bMacmillan Education Ltd., _c1990 |
||
| 300 |
_axviii, 1140 p. _b : _c; 22 cm. |
||
| 650 | 0 |
_aEngineering mathematics _xProgrammed instruction |
|
| 942 | _cBK | ||
| 999 |
_c291 _d291 |
||